00000000nam 2200000zi 4500
0019.942238
003CaOODSP
00520250107150535
006m     o  d f      
007cr |n|||||||||
008240822e20241112onc     ob   f000 0 eng d
020 |a9780660732855
040 |aCaOODSP|beng|erda|cCaOODSP
043 |an-cn---
0861 |aH139-5/2024E-PDF
24500|aGuide to validation of terminal sterilization process of drugs (GUI-0074).
264 1|a[Ottawa] : |bHealth Canada = Santé Canada, |c12 November 2024.
264 4|c©2024
300 |a1 online resource (41 pages)
336 |atext|btxt|2rdacontent
337 |acomputer|bc|2rdamedia
338 |aonline resource|bcr|2rdacarrier
500 |aIssued also in French under title: Guide de validation des procédés de stérilisation terminale des drogues (GUI-0074).
500 |a"Pub.: 240499."
504 |aIncludes bibliographical references (page 41).
520 |a"This guide is for fabricators of sterile drugs. It provides guidance on how to establish the scientific effectiveness of terminal sterilization processes"--Purpose, page 4.
650 0|aDrugs |xSterilization|zCanada.
7101 |aCanada. |bHealth Canada, |eissuing body.
77508|tGuide de validation des procédés de stérilisation terminale des drogues (GUI-0074).|w(CaOODSP)9.942241
85640|qPDF|s557 KB|uhttps://publications.gc.ca/collections/collection_2025/sc-hc/H139-5-2024-eng.pdf
8564 |qHTML|sN/A|uhttps://www.canada.ca/en/health-canada/services/drugs-health-products/compliance-enforcement/good-manufacturing-practices/guidance-documents/guide-validation-terminal-sterilization-process-drugs-gui-0074.html